|
|
|
|
| LEADER |
00956nam a2200301 4500 |
| 001 |
DLU120131068 |
| 005 |
##20120117 |
| 040 |
# |
# |
|a DLU
|b vie
|
| 041 |
# |
# |
|a vie
|
| 044 |
# |
# |
|a vn
|
| 100 |
# |
# |
|a Tăng Văn Nghĩa,
|c PGS.TS.
|
| 245 |
# |
# |
|a Các biện pháp đảm bảo công bằng thương mại trong khuôn khổ của WTO /
|c Tăng Văn Nghĩa.
|
| 653 |
# |
# |
|a Công bằng thương mại
|
| 653 |
# |
# |
|a Chống bán phá giá
|
| 653 |
# |
# |
|a Chống trợ cấp
|
| 653 |
# |
# |
|a Hội nhập kinh tế quốc tế
|
| 653 |
# |
# |
|a Kinh tế thị trường
|
| 653 |
# |
# |
|a Thương mại tự do
|
| 773 |
# |
# |
|t Nhà nước và pháp luật
|g Số 9(269), 2010, tr. 57-65
|
| 920 |
# |
# |
|a Phòng Tạp chí -- Trung tâm Thông tin - Thư viện Trường Đại học Đà Lạt
|
| 994 |
# |
# |
|a DLU
|
| 900 |
# |
# |
|a True
|
| 911 |
# |
# |
|a Nguyễn Thị Linh Chi
|
| 925 |
# |
# |
|a G
|
| 926 |
# |
# |
|a A
|
| 927 |
# |
# |
|a BB
|
| 980 |
# |
# |
|a Thư viện Trường Đại học Đà Lạt
|